| 000 | 00546nam a22001937a 4500 | ||
|---|---|---|---|
| 003 | IBSLLIB | ||
| 005 | 20260515075828.0 | ||
| 008 | 260509b |||||||| |||| 00| 0 eng d | ||
| 020 | _a9780062000675 | ||
| 040 |
_aIBSLLIB _beng |
||
| 041 | _hEng | ||
| 082 |
_a823 _bLIN |
||
| 100 | _aLing , Laura | ||
| 245 |
_aSomewhere Inside : _bOne Sister's Captivity In North Korea And The Other's Fight To Bring Her Home |
||
| 260 |
_aNew York : _bHarperCollins , _c1976 |
||
| 300 |
_a322 p ; _b24 cm |
||
| 700 |
_aLing , Lisa _eCo-Author |
||
| 942 | _cLBK | ||
| 999 |
_c22090 _d22090 |
||